Statistics for US State Names with the Highest % of Vowels

Click here to take the quiz!

General Stats

  • This quiz has been taken 35 times
  • The average score is 7 of 10

Answer Stats

%State% Correct
75Ohio
90%
75Iowa
87%
66.6Hawaii
81%
60Maine
81%
57.1Alabama
77%
60Idaho
77%
57.1Georgia
65%
57.1Indiana
61%
57.1Arizona
42%
66.6Louisiana
42%

Score Distribution

Percentile by Number Answered

Percent of People with Each Score

Your Score History

You have not taken this quiz